جدید حکو سنیں مکوسیں (Record no. 26272)
[ view plain ]
| 000 -LEADER | |
|---|---|
| fixed length control field | 00352nam a2200133Ia 4500 |
| 008 - FIXED-LENGTH DATA ELEMENTS--GENERAL INFORMATION | |
| fixed length control field | 230718s9999 xx 000 0 und d |
| 082 ## - DEWEY DECIMAL CLASSIFICATION NUMBER | |
| Classification number | 320.41 |
| Item number | جد-ج |
| 100 ## - MAIN ENTRY--AUTHOR | |
| Author Name | جدا فرمت |
| 245 #0 - TITLE STATEMENT | |
| Title | جدید حکو سنیں مکوسیں |
| 260 ## - PUBLICATION, DISTRIBUTION, ETC. | |
| Place of Publication | Pakistan |
| Name of publisher, distributor, etc. | اُردو بازار لاہور |
| Date of publication, distribution, etc. | 2009 |
| 300 ## - PHYSICAL DESCRIPTION | |
| Pages | 480 |
| 650 ## - SUBJECT ADDED ENTRY--TOPICAL TERM | |
| Subject / Department | Law |
| 952 ## - LOCATION AND ITEM INFORMATION (KOHA) | |
| -- | 0 |
| -- | 0 |
| Lost status | Damaged status | Permanent Location | Current Location | Date acquired | Full Call Number | Accession No./Barcode | Date last seen | item type |
|---|---|---|---|---|---|---|---|---|
| Superior Information Resource Center (SIRC) Superior University-Law Campus | Superior Information Resource Center (SIRC) Superior University-Law Campus | 07/18/2023 | 320.41 جد-ج | 21224 | 07/18/2023 | BOOK |
